5 Lengua

Gespeichert in:
Bibliographische Detailangaben
1. Verfasser: Ferrá, C Autor;Cetkovich, G Autor;Archivo Santillana Ilustrador
Format: keine Angabe
Sprache:Spanisch
Erschienen: Montevideo Santillana 1998
Katalog:MANES:  Suchergebnis im Bibliothekskatalog
Schulbuchspezifische Eigenschaften:
Schlagworte:
Tags: Tag hinzufügen
Keine Tags, Fügen Sie den ersten Tag hinzu!
Hinzugefügt zu:26.04.2016

MARC

LEADER 000000000a22000000004500
001 37819
008 160427s uy ||||| |||| 00| 0 spa d
040 |a manes  |c manes 
100 1 |a Ferrá, C  |b Autor;Cetkovich, G  |b Autor;Archivo Santillana  |b Ilustrador 
245 0 0 |a  5 Lengua 
260 |a Montevideo  |b Santillana  |c 1998 
300 |a 159  |c 21 x 27,5 cm. 
500 |a Ilustrado con fotografías a color. Ejercicios para completar. Para quinto año. 
546 |a Uruguay 
650 7 |a Lenguaje 
655 7 |a Primaria 
999 |c 49574  |d 49574 
999 |c manes:49574  |d 49574